000 00464nam a2200145Ia 4500
008 100122s9999 xx 000 0 und d
082 _b30938
_a823
100 _aमेहता शशिकला
245 _aही अशी ती तशी
260 _bभगवानदास हिरजी प्रकाशन
_c1980
300 _a136
630 _aही अशी ती तशी
730 _aही अशी ती तशी
942 _cBOOK
999 _c415708
_d415705